000 00316nam a2200133Ia 4500
005 20260328101529.0
008 260328s9999||||xx |||||||||||||| ||und||
100 _aLefebvre, Henri
245 0 _aLa Revolución Urbana /
_cHenri Lefebvre
260 _bAlianza
300 _a198 p.
650 _aURBANISMO
942 _cBK
999 _c9907
_d9907